Ferdo cvičí mravenisko

Bibliographic Details
Main Author: Sekora, Ondřej, 1899-1967 (Author, Illustrator)
Other Authors: Zelinová, Hana, 1914-2004 (Translator)
Format: Book
Language:Slovak
Czech
PhysicalDescription:132 strán, [6] strán obrazových príloh ilustrácie 24 cm
Published: Košice Východoslovenské vydavateľstvo 1972
Edition:1. vyd.
Subjects:

MARC

LEADER 00000cam a2200000 a 4500
001 vtls001410853
003 SK-MaSNL
005 20260301162122.0
008 240226s1972 xo a ar 000 j slo
015 |a SNBA1972/09-02449 
020 |q (viazané) 
035 |a SNK000365551 
035 |a E2A71A88-FDD3-446A-88F6-9461185898FC 
035 |a urn:nbn:sk:snk-am00id89 
040 |a SNK  |b slo  |c SNK  |e AACR2 
041 1 |a slo  |h cze 
044 |a xo  |c SK 
072 7 |a 821.162.3  |x Česká literatúra  |2 konspekt 
072 7 |a 821-93  |x Literatúra pre deti a mládež (beletria)  |2 konspekt 
080 |a 821.162.3-34  |2 2011 
080 |a 82-34:808.1  |2 2011 
080 |a 82-93-053.4/.5  |2 2011 
100 1 |a Sekora, Ondřej,  |d 1899-1967  |4 aut  |4 ill  |9 98086 
245 1 0 |a Ferdo cvičí mravenisko  |c napísal a nakreslil Ondřej Sekora ; preložila Hana Zelinová 
250 |a 1. vyd. 
260 |a Košice  |b Východoslovenské vydavateľstvo  |c 1972 
300 |a 132 strán, [6] strán obrazových príloh  |b ilustrácie  |c 24 cm 
366 |e 45000 + 100 výtl. 
500 |a Preložené pravdepodobne z češtiny 
655 7 |a české rozprávky  |2 SNKPH  |9 70579 
655 7 |a autorské rozprávky  |2 SNKPH  |9 70727 
655 7 |a literatúra pre deti  |2 SNKPH  |9 87135 
700 1 |a Zelinová, Hana,  |d 1914-2004  |4 trl  |9 101300 
852 |a Slovenská národná knižnica 
954 |a beletria cudzojazyčná (svetová)  |2 lita 
958 |a RK 
958 |a TL 
958 |a CZ 
958 |a DB 
958 |a LX 
958 |a UP 
999 |c 812092  |d 814022 
952 |a SNK  |b SNK  |y PREZ  |7 0  |p 17A0970034  |o snkSC 30126  |i snkKSP 7409/72  |0 0  |1 0  |4 0  |d 2012-09-25  |f 1  |l 0  |r 2025-09-18 00:00:00  |w 2026-02-24 
952 |a SNK  |b SNK  |y VYP  |7 0  |p 17A0294129  |o snkSC 30126 D1  |i snkKSP 7410/72  |0 0  |1 0  |4 0  |d 2001-04-04  |l 0  |r 2005-01-02 00:00:00  |w 2026-02-24